Shopping List- Italian Cuisine - Statistics

General Stats
  • This quiz has been taken 817 times
    792 since last reset
  • The average score is 23 of 38
Answer Stats
Hint Answer % Correct
Caprese Salad Tomato
95%
Puttanesca Sauce Tomato
95%
Risotto Rice
89%
Caprese Salad Basil
87%
Pesto Basil
87%
Panna Cotta Cream
82%
Pitzelle Egg
82%
Pasta Carbonara Egg
82%
Caprese Salad Mozzarella
82%
Puttanesca Sauce Olive
81%
Pitzelle Flour
75%
Tiramisu Coffee
73%
Pasta Carbonara Pancetta
72%
Pesto Olive Oil
71%
Pesto Salt
71%
Pitzelle Sugar
71%
Tiramisu Sugar
71%
Panna Cotta Sugar
71%
Pasta Carbonara Parmesan
68%
Pesto Parmesan
68%
Tiramisu Cocoa
65%
Pesto Pine Nut
61%
Pesto Garlic
60%
Puttanesca Sauce Garlic
60%
Pasta Carbonara Linguine
59%
Pitzelle Butter
53%
Risotto Butter
53%
Tiramisu Lady Fingers
45%
Tiramisu Mascarpone
43%
Risotto Stock
40%
Caprese Salad Balsamic Vinegar
32%
Puttanesca Sauce Anchovy
29%
Panna Cotta Gelatin
27%
Puttanesca Sauce Caper
24%
Risotto White Wine
24%
Pitzelle Baking Powder
17%
Tiramisu Egg Yolk
13%
Pitzelle Anise
10%
No matching quizzes found
Score Distribution
Percent of People with Each Score
Percentile by Number Answered
Your Score History
You have not taken this quiz since the last reset